Statistics for All Songs in Moulin Rouge (Stage Version)

Click here to take the quiz!

General Stats

  • This quiz has been taken 49 times
  • The average score is 33 of 80

Answer Stats

Track Title:Songs:% Correct
Your Song
91%
Your SongYour Song
91%
Your Song
91%
FireworkFirework
88%
Your Song RepriseCome What May
84%
Come What MayCome What May
84%
FinaleCome What May
84%
Diamonds
81%
El Tango De RoxanneRoxanne
81%
Backstage RomanceBad Romance
78%
Bad Romance
78%
Chandelier
75%
ChandelierChandelier
75%
Nature BoyNature Boy
75%
Shut Up and Raise Your GlassShut Up And Dance
75%
Rolling In The Deep
72%
Diamond's Are A Girl's Best Friend
69%
Diamond's Are a Girl's Best Friend
69%
Material Girl
69%
Material Girl
69%
More More More!Lady Marmalade
66%
Welcome to the Moulin RougeLady Marmalade
66%
Truth, Beauty, Freedom, LoveRoyals
63%
Only Girl In A Material WorldOnly Girl
59%
Raise Your Glass
59%
Crazy RollingCrazy
56%
Crazy
56%
Single Ladies
53%
Toxic
53%
Take On Me
50%
We Are Young
50%
The Sparkling DiamondDiamond's Are Forever
47%
I Will Always Love You
44%
Heroes
41%
Heroes
41%
Bohemian IdeasThe Sound of Music
41%
Elephant Love MedleyAll You Need Is Love
38%
What's Love Got To Do With It?
38%
What's Love Got To Do With It?
38%
Children of the Revolution
34%
Everlasting Love
34%
Hey Ya!
34%
Burning Down The House
31%
I Wanna Dance With Somebody
31%
Love Hurts
31%
Love Is A Battlefield
28%
Never Gonna Give You Up
28%
Don't Speak
25%
Seven Nation Army
25%
Tainted Love
25%
Can't Help Falling In Love
22%
I Love You Always Forever
22%
So Fresh, So Clean
22%
Sympathy for the DukeSympathy for the Devil
22%
Because We Can
19%
Because We Can
19%
Money
19%
Torn
19%
You Can't Always Get What You Want
19%
Just One Night
16%
La Vie en rose
16%
Such Great Heights
16%
Sweet Dreams
16%
Up Where We Belong
16%
Every Breath You Take
13%
Fidelity
13%
Play The Game
13%
Pride
13%
Gimme Shelter
9%
Let's Dance
9%
My Lovin'
9%
Tanguera
9%
Habanera
6%
I Don't Want to Wait
6%
It Ain't Me Babe
6%
So Exciting (The Pitch Song)Milord
6%
Minnie The Moocher
6%
Don't You Want Me
3%
Galop Infernal
3%
Galop Infernal
3%

Score Distribution

Percentile by Number Answered

Percent of People with Each Score

Your Score History

You have not taken this quiz